| 000 | 01440nam0a2200361 4500 | ||
|---|---|---|---|
| 001 | RU\NLR\bibl\510300 | ||
| 005 | 20260408192440.0 | ||
| 010 |
_a5-17-021540-1 _bАСТ |
||
| 010 |
_a966-696-352-3 _bСталкер _95000 |
||
| 021 |
_aRU _b2003-74968 _93707 |
||
| 035 | _aRSL-KNO-002396569 | ||
| 035 | _a(NLR Aleph) 000502804 | ||
| 090 |
_a1184196 _c1184196 |
||
| 100 | _a20040114d2004 |||y0rusy50 ca | ||
| 101 | 0 | _arus | |
| 102 |
_aRU _aUA |
||
| 105 | _aa ||||||||| | ||
| 106 | _ar | ||
| 200 | 1 |
_aЙоркширский терьер _e[Корма и кормление. Содерж. Уход. Разведение. Дрессировка. Болезни и лечение] _fВ.А. Савенкова |
|
| 210 |
_aМ. _cАСТ _aДонецк _cСталкер _d2004 [т.е. 2003] _eЭлектросталь: Книж. ф-ка N 1 |
||
| 215 |
_a46,[1] с. _cил. _d20 |
||
| 225 | 1 | _aВ вашем доме | |
| 300 | _aНа обл. авт. не указан | ||
| 300 | _aКн. фактически изд. в 2003 г. | ||
| 606 |
_aЙоркширские терьеры _3RU\NLR\auth\661300508 _92160959 |
||
| 686 | _aП673.39йоркширский терьер я9 | ||
| 700 | 1 |
_aСавенкова _bВ. А. _gВиктория Александровна _4070 |
|
| 801 | 0 |
_aRU _bRuMoRKP _c20040114 _gPSBO |
|
| 801 | 1 |
_aRU _bRuMoRKP _c20040114 |
|
| 801 | 2 |
_aRU _bNLR _c20040412 _gPSBO |
|
| 942 | _cBOOK | ||
| 980 | _aNB | ||